| 000 | 00420nam a22001457a 4500 | ||
|---|---|---|---|
| 005 | 20250612033328.0 | ||
| 008 | 250612b |||||||| |||| 00| 0 eng d | ||
| 020 | _a9789550480074 | ||
| 082 |
_222 _a320 |
||
| 245 | _aAbiyogaiye arboodaiya saga arboothaiye abiyogaiye | ||
| 260 |
_aSri Lanka _bMalima Publishers _c2011 |
||
| 300 | _a186 p ., | ||
| 500 | _aEducation and Research unit people's Struggle Movement | ||
| 942 | _cL | ||
| 999 |
_c6064 _d6064 |
||